000 00831nam a22002657i 4500
003 DO-SdBNP
005 20250509104011.0
007 ta
008 250509b2025 |||||||| |||| 00| 0 spa d
020 _a97089945935806
040 _aDO-SdBNP
_bspa
_cBNPHU
_erda
041 _hspa
082 _axxx
_bR426m
_222
110 _aRepública Dominicana.
_bSalud Publica
_978468
245 0 _aManual de normas y procedimientos operativos de consejo nacional de biótica en salud (Conabios) 2024
250 _asegunda edición
264 _aSanto Domingo :
_bConsejo Nacional de Bioética en salud
_c2024.
300 _a53 páginas ;
_c22 cm
336 _ardacontent
_btexto
_2txt
337 _ardamedia
_bsin mediación
_2n
338 _ardacarrier
_bvolumen
_2nc
590 _aInventariado, 2025/DG
910 _aDG
942 _2ddc
_cLBS1
999 _c58846
_d58846